Testovanie v automobilovej výrobe

Na minha lista:
Detalhes bibliográficos
Main Authors: Kováč, Milan (Author), Dúbravčík, Michal (Author)
Formato: Livro
Idioma:eslovaco
Publicado em: Košice : Technická univerzita v Košiciach, 2011
Colecção:Edícia študijnej literatúry
Assuntos:
Acesso em linha:OBSAH
Tags: Adicionar Tag
Sem tags, seja o primeiro a adicionar uma tag!

MARC

LEADER 00000nam a22000003a 4500
001 stu244263
005 20150617230153.0
008 120308s2011----xo------------------slo-d
020 |a 978-80-553-0828-9 
040 |a STU  |b slo 
041 0 |a slo 
044 |a xo 
080 |a 62 
100 1 |a Kováč, Milan  |4 aut 
245 1 |a Testovanie v automobilovej výrobe 
260 |a Košice :  |b Technická univerzita v Košiciach,  |c 2011 
300 |a 119 s 
650 7 |a automobilová výroba  |2 stusub 
650 7 |a testovanie  |2 stusub 
700 1 |a Dúbravčík, Michal  |4 aut 
830 0 |a Edícia študijnej literatúry 
856 4 |a https://sweb.mtf.stuba.sk/obsahy/testovanie_v_automobilovej_vyrobe_11  |u https://sweb.mtf.stuba.sk/obsahy/testovanie_v_automobilovej_vyrobe_11  |3 OBSAH 
996 |b 284M080823  |c M*S-1553-1  |l MMKN  |s A  |a 24  |w stu244263_0001 
996 |b 284M080824  |c M*S-1553-2  |l MMKN  |s A  |a 24  |w stu244263_0002 
996 |b 284M080825  |c M*S-1553-3  |l MMKN  |s A  |a 24  |w stu244263_0003 
996 |b 284M080826  |c M*S-1553-4  |l MMKN  |s A  |a 24  |w stu244263_0004 
996 |b 284M080827  |c M*S-1553-5  |l MMKN  |s A  |a 24  |w stu244263_0005 
996 |b 284J040145  |c J*114920  |l JJST  |s P  |a 0  |w stu244263_0006